|
|
แสดงรายละเอียดบรรณานุกรม |
|
|
Brief Record
: Get Marc (ISO 2709)
: E-mail record
: |
| LEADER 00000nama 2200000uu 4500 | |||
| 008 040531s2519 th m m a000 0 tha d | |||
| 041 tha | |||
| 050 WK190 อ659 | |||
| 100 อารี สุขประเสริฐ | |||
| 245 ฮอร์โมนและยาที่สัมพันธ์กับการออกฤทธิ์ของฮอร์โมน / อารี สุขประเสริฐ และ วิทยา จันทสูตร 001 | |||
| 260 กรุงเทพฯ คณะเภสัชศาสตร์ จุฬาลงกรณ์มหาวิทยาลัย 2519 | |||
| 300 197 หน้า | |||
| 650 ฮอร์โมน ยา | |||
| 998 1999-04-05 | |||
| คุณยังไม่ได้ล็อกอิน คุณสามารถมีกิจกรรมร่วมกับเว็บไซต์ได้ แต่ต้องล็อกอินก่อน :: |
|
| สถานะ | |||||||||
| 1. | หนังสือทั่วไป | WK190 อ659 2519 | On Shelf ขอยืม | ||||||
| [แสดง 1/1 รายการ] | |||||||||
BibComment |
| คอมเมนท์ทรัพยากรรายการนี้ |
|
|